[Event "Nova Gorica op 24th"]
[Site "Nova Gorica"]
[Date "2019.01.27"]
[Round "5"]
[White "Mihelic, Vesna"]
[Black "Petrovic, Marko"]
[Result "1/2-1/2"]
[WhiteElo "1742"]
[BlackElo "1901"]
[PlyCount "40"]
[EventDate "2019.01.25"]
[EventType "swiss"]
[EventRounds "9"]
[EventCountry "SLO"]
[SourceTitle "CBM 188 Extra"]
[Source "ChessBase"]
[SourceDate "2019.02.26"]
[SourceVersion "1"]
[SourceVersionDate "2019.02.26"]
[SourceQuality "1"]

1. e4 f6 2. d4 g6 3. Nc3 Bg7 4. Bc4 e6 5. d5 Ne7 6. Nf3 a6 7. a4 c5 8. Be3 b6 9. dxe6 dxe6 10. Qxd8+ Kxd8 11. 0-0 Nbc6 12. Rad1+ Kc7 13. Ne2 g5 14. Ng3 h5 15. h3 Ng6 16. Rd2 g4 17. hxg4 hxg4 18. Nh2 Nce5 19. Be2 f5 20. exf5 exf5 1/2-1/2

[Event "Nova Gorica op 24th"]
[Site "Nova Gorica"]
[Date "2019.01.25"]
[Round "1"]
[White "Kavcic, Bor"]
[Black "Petrovic, Marko"]
[Result "1/2-1/2"]
[WhiteElo "1667"]
[BlackElo "1901"]
[PlyCount "97"]
[EventDate "2019.01.25"]
[EventType "swiss"]
[EventRounds "9"]
[EventCountry "SLO"]
[SourceTitle "CBM 188 Extra"]
[Source "ChessBase"]
[SourceDate "2019.02.26"]
[SourceVersion "1"]
[SourceVersionDate "2019.02.26"]
[SourceQuality "1"]

1. e4 f5 2. exf5 Nf6 3. Nc3 d5 4. d4 Bxf5 5. Nf3 Nbd7 6. Bd3 Bg4 7. 0-0 c5 8. Be2 cxd4 9. Nxd4 Bxe2 10. Qxe2 e5 11. Ne6 Qb6 12. Nxf8 Rxf8 13. Rd1 d4 14. Ne4 0-0-0 15. a4 Nxe4 16. Qxe4 Nf6 17. Qf5+ Kb8 18. Qxe5+ Ka8 19. Qb5 Qe6 20. Bg5 Qc8 21. Bxf6 Rxf6 22. c3 Rdf8 23. f3 dxc3 24. Rac1 Rc6 25. Rxc3 Rxc3 26. bxc3 Qxc3 27. Rb1 Qc6 28. Re1 Qxb5 29. axb5 Kb8 30. Re7 Rf5 31. b6 axb6 32. Rxg7 h5 33. g4 Rxf3 34. gxh5 Rf6 35. Rg6 Rf5 36. h6 Ka7 37. h4 Rh5 38. Kg2 Rxh4 39. Kg3 Rh1 40. Kf4 Rh5 41. Kg4 Rh2 42. Kg5 b5 43. Rf6 b4 44. Rf4 b3 45. Rb4 b2 46. Kg6 Rg2+ 47. Kf7 Rf2+ 48. Kg7 Rg2+ 49. Kf7 1/2-1/2

[Event "Nova Gorica op 21st"]
[Site "Nova Gorica"]
[Date "2016.02.04"]
[Round "9"]
[White "Petrovic, Marko"]
[Black "Marn, Jan"]
[Result "1-0"]
[WhiteElo "1914"]
[BlackElo "1755"]
[PlyCount "71"]
[EventDate "2016.01.29"]
[EventType "swiss"]
[EventRounds "9"]
[EventCountry "SLO"]
[SourceTitle "CBM 170 Extra"]
[Source "ChessBase"]
[SourceDate "2016.02.25"]
[SourceVersion "1"]
[SourceVersionDate "2016.02.25"]
[SourceQuality "1"]

1. c3 d5 2. d4 Nf6 3. Bg5 e6 4. e3 c5 5. Nd2 Nc6 6. Bd3 b6 7. Ne2 Be7 8. Rc1 h6 9. Bh4 Bb7 10. 0-0 0-0 11. f4 Re8 12. Bxf6 Bxf6 13. Nf3 Qc7 14. Ng3 a5 15. Bb1 g6 16. Ne5 Bg7 17. Qg4 Ne7 18. Nxf7 Kxf7 19. Bxg6+ Nxg6 20. f5 Nf8 21. Nh5 Ke7 22. Nxg7 Kd6 23. fxe6 Nxe6 24. Rf6 Qd7 25. e4 dxe4 26. dxc5+ Kxc5 27. b4+ axb4 28. Rf5+ Kc4 29. Qe2+ Qd3 30. cxb4+ Kxb4 31. Qb2+ Ka4 32. Nxe6 Rxe6 33. a3 Qb3 34. Qd4+ Kxa3 35. Ra1+ Qa2 36. Qc3+ 1-0

[Event "Nova Gorica op-A 18th"]
[Site "Nova Gorica"]
[Date "2013.01.27"]
[Round "5"]
[White "Petrovic, Marko"]
[Black "Cretnik, Urban"]
[Result "0-1"]
[WhiteElo "1949"]
[BlackElo "1758"]
[PlyCount "105"]
[EventDate "2013.01.25"]
[EventType "swiss"]
[EventRounds "9"]
[EventCountry "SLO"]
[SourceTitle "CBM 152 Extra"]
[Source "ChessBase"]
[SourceDate "2013.02.25"]
[SourceVersion "1"]
[SourceVersionDate "2013.02.25"]
[SourceQuality "1"]

1. e4 e5 2. Nc3 Nf6 3. f4 d6 4. Nf3 Nc6 5. Bc4 Be6 6. Bxe6 fxe6 7. fxe5 dxe5 8. d3 Bc5 9. Bg5 Qd7 10. Qd2 0-0-0 11. 0-0-0 h6 12. Be3 Bxe3 13. Qxe3 Ng4 14. Qg1 Kb8 15. h3 Nf6 16. Qc5 Qd6 17. Qf2 Nd4 18. Nd2 b5 19. Nb3 a6 20. Rhe1 c5 21. Qg3 Rd7 22. Nb1 Qc7 23. N1d2 Nh5 24. Qg4 Nf4 25. Nxd4 cxd4 26. Kb1 Rc8 27. Rc1 a5 28. Rg1 a4 29. a3 Qa5 30. Qd1 Rdc7 31. g3 Nxd3 32. cxd3 Rxc1+ 33. Qxc1 Rxc1+ 34. Kxc1 Qd8 35. h4 Qf6 36. Rf1 Qg6 37. Rf3 Qg4 38. Kb1 Kc7 39. Kc2 Kc6 40. b3 axb3+ 41. Kxb3 Qh3 42. Kc2 Qg2 43. Kd1 g5 44. hxg5 hxg5 45. Rf6 Qxg3 46. Rxe6+ Kd7 47. Rf6 Qxd3 48. Rg6 Qc3 49. Rxg5 Qxa3 50. Rxe5 Kc6 51. Re8 d3 52. Rc8+ Kd6 53. Ke1 0-1

[Event "Nova Gorica op-A 16th"]
[Site "Nova Gorica"]
[Date "2011.02.02"]
[Round "8"]
[White "Laco, Giuseppe"]
[Black "Petrovic, Marko"]
[Result "1-0"]
[WhiteElo "2137"]
[BlackElo "1982"]
[PlyCount "91"]
[EventDate "2011.01.28"]
[EventType "swiss"]
[EventRounds "9"]
[EventCountry "SLO"]
[SourceTitle "CBM 140 Extra"]
[Source "ChessBase"]
[SourceDate "2011.03.01"]
[SourceVersion "1"]
[SourceVersionDate "2011.03.01"]
[SourceQuality "1"]

1. c4 Nf6 2. Nc3 g6 3. e4 d6 4. d4 Bg7 5. Be2 0-0 6. g4 e5 7. d5 Nfd7 8. h4 Na6 9. Be3 Ndc5 10. a3 f5 11. gxf5 gxf5 12. f3 f4 13. Bf2 Rf6 14. b4 Nd7 15. Kd2 Rh6 16. Qe1 c6 17. Bd3 c5 18. Rb1 b6 19. Nge2 Nf8 20. Qg1 Nc7 21. h5 Kh8 22. Qg2 Qe8 23. Rbg1 Qf7 24. Qg5 Ne8 25. Rh2 Nd7 26. Rgh1 Ndf6 27. b5 Bd7 28. a4 a6 29. Kc2 Nc7 30. Qg1 axb5 31. cxb5 Rxh5 32. Bh4 Ng8 33. Bd8 Rxd8 34. Rxh5 Nf6 35. R5h4 Rg8 36. Qh2 Bf8 37. Nxf4 exf4 38. e5 h5 39. exf6 Rg5 40. Rxh5+ Rxh5 41. Qxh5+ Qxh5 42. Rxh5+ Kg8 43. a5 Be8 44. Bh7+ Kf7 45. axb6 Bxb5 46. bxc7 1-0

[Event "Nova Gorica op-A 16th"]
[Site "Nova Gorica"]
[Date "2011.02.01"]
[Round "7"]
[White "Milenkovic, Mladen"]
[Black "Petrovic, Marko"]
[Result "1-0"]
[WhiteElo "2396"]
[BlackElo "1982"]
[PlyCount "97"]
[EventDate "2011.01.28"]
[EventType "swiss"]
[EventRounds "9"]
[EventCountry "SLO"]
[SourceTitle "CBM 140 Extra"]
[Source "ChessBase"]
[SourceDate "2011.03.01"]
[SourceVersion "1"]
[SourceVersionDate "2011.03.01"]
[SourceQuality "1"]

1. c4 Nf6 2. Nc3 g6 3. g3 Bg7 4. Bg2 0-0 5. d4 d6 6. e4 c5 7. Nge2 cxd4 8. Nxd4 Nc6 9. Nxc6 bxc6 10. 0-0 Nd7 11. Qc2 Rb8 12. b3 c5 13. Bb2 Ne5 14. Nd5 Nc6 15. Bxg7 Kxg7 16. f4 Bb7 17. Qd2 e6 18. Ne3 Nd4 19. f5 Qg5 20. Rae1 h5 21. Qf2 Qf6 22. h4 g5 23. hxg5 Qxg5 24. Qf4 Qxf4 25. Rxf4 Rh8 26. Kf2 a5 27. Rh1 a4 28. Bf3 axb3 29. axb3 Bc6 30. Rxh5 Rxh5 31. Bxh5 Rxb3 32. f6+ Kf8 33. Rh4 Rb2+ 34. Kf1 Ke8 35. Bd1 Ne2 36. Kf2 Nf4+ 37. Kf3 Ng6 38. Rh7 Kd8 39. Ng4 Be8 40. Nh6 Ne5+ 41. Kf4 Rf2+ 42. Kg5 Rg2 43. Bh5 Rxg3+ 44. Kf4 Rh3 45. Bd1 Ng6+ 46. Kg4 Rh4+ 47. Kg3 Rh1 48. Nxf7+ Bxf7 49. Rxh1 1-0

[Event "Nova Gorica op-A 16th"]
[Site "Nova Gorica"]
[Date "2011.01.30"]
[Round "5"]
[White "Leonardi, Caterina"]
[Black "Petrovic, Marko"]
[Result "0-1"]
[WhiteElo "1730"]
[BlackElo "1982"]
[PlyCount "88"]
[EventDate "2011.01.28"]
[EventType "swiss"]
[EventRounds "9"]
[EventCountry "SLO"]
[SourceTitle "CBM 140 Extra"]
[Source "ChessBase"]
[SourceDate "2011.03.01"]
[SourceVersion "1"]
[SourceVersionDate "2011.03.01"]
[SourceQuality "1"]

1. d4 d5 2. c4 c6 3. Nc3 Nf6 4. Nf3 dxc4 5. a4 Bf5 6. e3 e6 7. Bxc4 Bb4 8. 0-0 Nbd7 9. Nh4 Bg4 10. Qb3 a5 11. f4 0-0 12. Nf3 Bf5 13. Ne5 Nb6 14. Bd3 Bxd3 15. Nxd3 Be7 16. Nc5 Rb8 17. N3e4 Nfd5 18. Bd2 Nc8 19. Na6 Ra8 20. Qxb7 Ra7 21. Qxc6 Ncb6 22. Nac5 Nc4 23. Nxe6 Qc8 24. Qxd5 fxe6 25. Qh5 Qb7 26. Qe2 Nxd2 27. Nxd2 Qxb2 28. Rfb1 Qc2 29. Rc1 Qb2 30. Rab1 Qa2 31. Qd1 Qd5 32. Qb3 Qf5 33. Rc6 Bb4 34. Rxe6 Kh8 35. Re5 Qg6 36. Nc4 h6 37. Rc1 Rc7 38. Rd1 Rfc8 39. f5 Qg4 40. Nb6 Rc3 41. h3 Qe2 42. Qf7 Qxd1+ 43. Kh2 Rf8 44. Re8 Bd6+ 0-1

[Event "Nova Gorica op-A 16th"]
[Site "Nova Gorica"]
[Date "2011.01.30"]
[Round "4"]
[White "Petrovic, Marko"]
[Black "Mestek, Igor"]
[Result "0-1"]
[WhiteElo "1982"]
[BlackElo "2146"]
[PlyCount "85"]
[EventDate "2011.01.28"]
[EventType "swiss"]
[EventRounds "9"]
[EventCountry "SLO"]
[SourceTitle "CBM 140 Extra"]
[Source "ChessBase"]
[SourceDate "2011.03.01"]
[SourceVersion "1"]
[SourceVersionDate "2011.03.01"]
[SourceQuality "1"]

1. Nf3 Nf6 2. c4 d6 3. d4 Nbd7 4. Nc3 e5 5. e3 c6 6. Be2 Qc7 7. Qc2 Be7 8. 0-0 a5 9. b3 0-0 10. Ba3 Re8 11. Rac1 Bf8 12. Rfd1 b6 13. Nd2 Bb7 14. Bf3 Rad8 15. Nde4 Qb8 16. dxe5 dxe5 17. Bd6 Bxd6 18. Nxd6 Re6 19. Nxb7 Qxb7 20. Rd2 Qc7 21. Rcd1 Rde8 22. Ne4 h6 23. g3 Nc5 24. Nxc5 bxc5 25. Be4 g6 26. Bg2 Ra8 27. Bh3 Ree8 28. Rd6 Qe7 29. Qd3 Ra6 30. e4 Kg7 31. Qe3 a4 32. f3 axb3 33. axb3 Ra1 34. Qd3 Rea8 35. Rxc6 Rxd1+ 36. Qxd1 Rd8 37. Qa1 Rd4 38. Qa6 Qd8 39. Qc8 Rd1+ 40. Bf1 Qd4+ 41. Kg2 Rd2+ 42. Kh1 Qf2 43. Qh3 0-1

[Event "Nova Gorica op-A 15th"]
[Site "Nova Gorica"]
[Date "2010.02.05"]
[Round "8"]
[White "Povse, Martin"]
[Black "Petrovic, Marko"]
[Result "1-0"]
[WhiteElo "2104"]
[BlackElo "2017"]
[PlyCount "68"]
[EventDate "2010.01.31"]
[EventType "swiss"]
[EventRounds "9"]
[EventCountry "SLO"]
[SourceTitle "CBM 134 Extra"]
[Source "ChessBase"]
[SourceDate "2010.03.03"]
[SourceVersion "1"]
[SourceVersionDate "2010.03.03"]
[SourceQuality "1"]

1. e4 c5 2. Nf3 d6 3. d4 cxd4 4. Nxd4 Nf6 5. Nc3 a6 6. Be2 e6 7. Be3 Be7 8. f4 Nbd7 9. Bf3 0-0 10. g4 d5 11. e5 Ne8 12. g5 b5 13. Qd2 Bb7 14. Nce2 Rc8 15. 0-0 Nb6 16. b3 g6 17. c3 Nd7 18. Ng3 Bc5 19. a4 Qb6 20. a5 Qc7 21. b4 Bxd4 22. Bxd4 Ng7 23. Be2 Nb8 24. Rac1 Nc6 25. Bb6 Qb8 26. Bd3 Rfe8 27. Nh1 Re7 28. Nf2 Rd7 29. Ng4 Ne8 30. Bb1 Kg7 31. Rf3 Nc7 32. Qf2 Ne7 33. Qh4 h5 34. gxh6+ Kh7 1-0

[Event "SLO-chT2 West"]
[Site "Postojna"]
[Date "2009.10.23"]
[Round "1.6"]
[White "Petrovic, Marko"]
[Black "Leben, Dusan"]
[Result "0-1"]
[WhiteElo "1979"]
[BlackElo "1735"]
[PlyCount "114"]
[EventDate "2009.10.23"]
[EventType "team-tourn"]
[EventRounds "9"]
[EventCountry "SLO"]
[SourceTitle "EXT 2010"]
[Source "ChessBase"]
[SourceDate "2010.11.25"]
[SourceVersion "1"]
[SourceVersionDate "2010.11.25"]
[SourceQuality "1"]
[WhiteTeam "Nova Gorica"]
[BlackTeam "Podpec"]
[WhiteTeamCountry "SLO"]
[BlackTeamCountry "SLO"]

1. e4 c5 2. Nf3 d6 3. d4 cxd4 4. Nxd4 Nf6 5. Nc3 a6 6. Be3 e6 7. g4 e5 8. Nf5 g6 9. Bc4 Qc7 10. Qe2 gxf5 11. exf5 Bd7 12. 0-0-0 Bc6 13. Rhe1 Nbd7 14. f3 Ng8 15. Kb1 f6 16. Be6 0-0-0 17. Qc4 Ne7 18. Qb4 Kb8 19. g5 Nc8 20. Qg4 Be7 21. g6 hxg6 22. fxg6 Bf8 23. h4 Nc5 24. Bf7 Bg7 25. b4 Na4 26. Rd3 Nxc3+ 27. Rxc3 Qe7 28. f4 d5 29. Bc5 Qc7 30. fxe5 fxe5 31. a4 Nd6 32. Bxd5 e4 33. Ree3 Bxc3 34. Rxc3 Qg7 35. Qg3 Bxd5 36. Bxd6+ Ka8 37. Rc7 Qd4 38. Bc5 Qc4 39. Kc1 Rc8 40. g7 Rhe8 41. Qg6 Be6 42. b5 Qa2 43. b6 Qa1+ 44. Kd2 Rcd8+ 45. Ke3 Qc3+ 46. Kf4 Qf3+ 47. Kg5 Qg4+ 48. Kh6 Qxh4+ 49. Qh5 Qxh5+ 50. Kxh5 Rc8 51. Kh4 Rxc7 52. bxc7 b5 53. axb5 axb5 54. Kg3 Kb7 55. Bd4 e3 56. Kf3 Bc4 57. Kg3 e2 0-1